000
00302nam a22001337a 4500
008
170503b xxu||||| |||| 00| 0 eng d
020
_a
2901599410356
041
_a
eng
080
_2
8TH
_a
34
100
_a
14
101
_a
SHM
245
_a
TORT LAW AND ALTERNATIVES
_c
FRANKLIN, M.A
942
_2
udc
_c
BK
999
_c
12494
_d
12494